| 000 | 00679nam a2200205 a 4500 | ||
|---|---|---|---|
| 001 | 000009329 | ||
| 005 | 20240412074211.0 | ||
| 008 | 090929s1951 dr r 000 p spa d | ||
| 040 |
_aDO-SdBNP _bspa _cBNPHU |
||
| 082 |
_aRD861.44 _bM516z |
||
| 100 |
_aMejía, Francisco R _914832 |
||
| 245 | 1 | 0 |
_aZumos del camino : _bversos / _cFrancisco R. Mejía ; prólogo R. Emilio Jiménez. |
| 260 |
_aBuenos Aires, Argentina : _bLópez, _c1951. |
||
| 300 |
_a132 p. ; _c21 cm. |
||
| 590 | _aInventariado, 2018/BT | ||
| 650 | 0 |
_aPoesía dominicana _966 |
|
| 650 | 0 |
_aLiteratura dominicana. _967 |
|
| 700 | 1 |
_aJiménez, R. Emilio, _epról. _923963 |
|
| 910 | _aValidado. Control de calidad. MFF | ||
| 999 |
_c9089 _d9089 |
||